000
00348pam a2200157a 44500
008
230515b1999 xxu||||| |||| 00| 0 eng d
020
_a
NULL
041
_a
ENGLISH
082
_a
N.D.
100
_a
Eronini E.U
245
_a
Systems Dynamics & Control
250
_a
0
260
_a
NULL
_b
Brooks / Cole
_c
1999
300
_a
993
650
_a
NULL
999
_c
584983
_d
584983